Sure Thing Lyrics Quiz - Statistics

General Stats
  • This quiz has been taken 164 times
  • The average score is 15 of 30
Answer Stats
Lyric % Correct
If you be the {cash}
89%
I will be a {fuse}, boom
86%
I'll be the {rubber} {band}
84%
If you be the {match}
81%
Love you like {a} {brother}
81%
Oh, {oh}, oh, oh, oh, oh
79%
We raise a bet, cause you're the {joker}, checked off
67%
You could {bet} that
66%
{Painter} baby, you could be the {muse}
64%
Even when the {sky} comes falling, even when the {sun} don't shine
63%
Never gotta {sweat} that
63%
'Cause you're the {cigarette} and I'm the {smoker}
61%
I'm the {reporter} baby, you could be {the} {news}
61%
I got {faith} in you and I, so put your {pretty} {little} hand in {mine}
59%
{Treat} you like a {friend}
59%
{Respect} you like a {lover}
58%
You could be the {talk} and I could be the {walk}
49%
You are a {chalk} and I can be the {blackboard}
48%
Even when we're {down} to the {wire}, baby, even when it's {do} or {die}
46%
You could {bet} that, never gotta {sweat} that
45%
We could do it baby, {simple} and {plain}, cause this love is a {sure} {thing}
39%
What did I do to {deserve} that
32%
It's such a {sure} {thing}, it's such a {sure} {thing}
29%
Saint, I'm a {sinner}, prize I'm the {winner}, and it's you
25%
If I'm the {blunt}, you could be the {lighter} babe, fire it up
22%
If I'm the {lyric} baby, you could be the {note} record that
17%
{Paper} baby, I'll be the {pen}, say that I'm the {one}, cause you are a {ten}
16%
Be the {lover}, I'll be the {fighter}, babe
15%
This love between you and I, is {simple} {as} {pie}, baby
12%
{Writer} baby, you could be the {quote}
12%
No matching quizzes found
Score Distribution
Percent of People with Each Score
Percentile by Number Answered
Your Score History
You have not taken this quiz